Catalog

Record Details

Catalog Search



Kam jedeme, tati?  Cover Image Book Book

Kam jedeme, tati? / Jean-Louis Fournier ; [překlad Irena Zbiejczukova]

Record details

  • ISBN: 978-80-251-2694-3
  • Physical Description: 111 s. ; 21 cm
  • Edition: Vyd. 1.
  • Publisher: Brno : Computer Press, 2009

Content descriptions

General Note:
Přeloženo z francouzštiny
Kniha byla oceněna v roce 2008 cenou Prix Femina
Subject: Fournier, Jean-Louis, 1938-
francouzští spisovatelé > 20.-21. století
děti se zdravotním postižením
French authors
children with disabilities
Genre: francouzské příběhy
autobiografické příběhy
French stories
autobiographical stories

Available copies

  • 1 of 1 copy available at Common Catalog SPOK.

Holds

  • 0 current holds with 1 total copy.
Show Only Available Copies
Location Call Number / Copy Notes Barcode Shelving Location Status Due Date
Jabok Library BL-1/Fo 424480041969 Beletrie Available -

LDR 01792nam a2200493 a 4500
00131946
003CZ-PrJAB
00520220404124941.0
007ta
008100316s2009 xr g 000 facze
015 . ‡acnb002033664
020 . ‡a978-80-251-2694-3 ‡q(brož.)
035 . ‡a(CZ PrNK)nkc20102033664
035 . ‡a(OCoLC)614283037
040 . ‡aBOA001 ‡bcze
0411 . ‡acze ‡hfre
045 . ‡ax3y0
072 7. ‡a821.133.1-3 ‡xFrancouzská próza, francouzsky psaná ‡2Konspekt ‡925
072 7. ‡a929 ‡xBiografie ‡2Konspekt ‡98
080 . ‡a821.133.1-32 ‡2MRF
080 . ‡a929 ‡2MRF
080 . ‡a821.133.1-051 ‡2MRF
080 . ‡a316.344.6-056.26/.3-053.2 ‡2MRF
080 . ‡a(0:82-322.6) ‡2MRF
1001 . ‡aFournier, Jean-Louis, ‡d1938- ‡7xx0013685 ‡4aut
24510. ‡aKam jedeme, tati? / ‡cJean-Louis Fournier ; [překlad Irena Zbiejczukova]
250 . ‡aVyd. 1.
260 . ‡aBrno : ‡bComputer Press, ‡c2009
300 . ‡a111 s. ; ‡c21 cm
500 . ‡aPřeloženo z francouzštiny
500 . ‡aKniha byla oceněna v roce 2008 cenou Prix Femina
60017. ‡aFournier, Jean-Louis, ‡d1938- ‡7xx0013685 ‡2czenas
65007. ‡afrancouzští spisovatelé ‡7ph120380 ‡y20.-21. století ‡2czenas
65007. ‡aděti se zdravotním postižením ‡7ph116745 ‡2czenas
65009. ‡aFrench authors ‡2eczenas
65009. ‡achildren with disabilities ‡2eczenas
655 7. ‡afrancouzské příběhy ‡7fd184214 ‡2czenas
655 7. ‡aautobiografické příběhy ‡7fd131891 ‡2czenas
655 9. ‡aFrench stories ‡2eczenas
655 9. ‡aautobiographical stories ‡2eczenas
7650 . ‡tOù on va, papa? ‡9Česky
910 . ‡aABG312
995 . ‡aska
901 . ‡a31946 ‡b ‡c31946 ‡tbiblio

Additional Resources